Country by Current Leader #9 - Statistics

General Stats
  • This quiz has been taken 22 times
  • The average score is 9 of 20
Answer Stats
Hint Answer % Correct
Vladimir Putin (2012-) Russia
100%
Albert II (2005-) Monaco
74%
Ana Brnabić (2017-) Serbia
74%
Nicolás Maduro (2013-) Venezuela
74%
Cyril Ramaphosa (2018-) South Africa
68%
Kassym-Jomart Tokayev (2019-) Kazakhstan
58%
Albin Kurti (2021-) Kosovo
53%
Xiomara Castro (2022-) Honduras
42%
Abdourahamane Tchiani (2023-) Niger
42%
Hun Manet (2023-) Cambodia
37%
Gabriel Boric (2022-) Chile
37%
Dorin Recean (2023-) Moldova
37%
Ranil Wickremesinghe Sri Lanka
37%
Umaro Sissoco Embaló (2020-) Guinea-Bissau
32%
Salva Kiir (2011-) South Sudan
32%
Luis Alberto Lacalle Pou (2020-) Uruguay
32%
Ulisses Correia e Silva (2016-) Cabo Verde
26%
Irfaan Ali (2020-) Guyana
26%
Hassan Sheikh Mohamud Somalia
26%
Keith Rowley (2015-) Trinidad & Tobago
21%
No matching quizzes found
Score Distribution
Percent of People with Each Score
Percentile by Number Answered
Your Score History
You have not taken this quiz